000
00197 a2200097 4500
001
25655
100
_a
Bakhsh, K
245
_a
Caliphate
260
_a
_b
Sh Ghulam Ali
_c
1963
090
_c
17349
_d
17349
942
_a
NUST-CAE
_c
M
_c
8168
999
_c
260728
_d
260728